[Event "Berlin Lichtenberger op 15th"]
[Site "Berlin"]
[Date "2016.08.19"]
[Round "7"]
[White "Stiemerling, Andreas"]
[Black "Goroll, Hans Juergen"]
[Result "1/2-1/2"]
[WhiteElo "1752"]
[BlackElo "1647"]
[PlyCount "52"]
[EventDate "2016.08.13"]
[EventType "swiss"]
[EventRounds "9"]
[EventCountry "GER"]
[SourceTitle "CBM 173 Extra"]
[Source "ChessBase"]
[SourceDate "2016.08.29"]
[SourceVersion "1"]
[SourceVersionDate "2016.08.29"]
[SourceQuality "1"]

1. c4 e6 2. d4 d5 3. Nd2 Nf6 4. Ngf3 c5 5. g3 Nc6 6. Bg2 cxd4 7. 0-0 Be7 8. a3 a5 9. b3 0-0 10. Bb2 Bc5 11. Qc2 e5 12. cxd5 Qxd5 13. Rac1 Ba7 14. Ng5 Qd7 15. Nge4 Nxe4 16. Bxe4 f5 17. Qc4+ Kh8 18. Bd5 Nd8 19. Bg2 h6 20. Nf3 Nc6 21. Nh4 Kh7 22. Rfd1 Qe6 23. Bd5 Qf6 24. Bxc6 Qxc6 25. Qxc6 bxc6 26. Rxc6 Rf7 1/2-1/2

[Event "Berlin Lichtenberger op 15th"]
[Site "Berlin"]
[Date "2016.08.16"]
[Round "4"]
[White "Goroll, Hans Juergen"]
[Black "Geist, Wolfgang"]
[Result "1/2-1/2"]
[WhiteElo "1647"]
[BlackElo "1447"]
[PlyCount "90"]
[EventDate "2016.08.13"]
[EventType "swiss"]
[EventRounds "9"]
[EventCountry "GER"]
[SourceTitle "CBM 173 Extra"]
[Source "ChessBase"]
[SourceDate "2016.08.29"]
[SourceVersion "1"]
[SourceVersionDate "2016.08.29"]
[SourceQuality "1"]

1. Nf3 Nf6 2. c4 c6 3. Nc3 e6 4. e4 d6 5. d4 Nfd7 6. Bg5 Be7 7. Bxe7 Qxe7 8. Bd3 0-0 9. 0-0 h6 10. Qc2 Rd8 11. b4 a6 12. a3 Nf8 13. Rad1 Nbd7 14. e5 Rb8 15. exd6 Qxd6 16. c5 Qe7 17. Ne4 Nf6 18. Nd6 Rxd6 19. cxd6 Qxd6 20. Ne5 Bd7 21. h3 Be8 22. Rfe1 Nd5 23. Qd2 f6 24. Nc4 Qe7 25. f4 b5 26. Nb2 Qd6 27. Rf1 Rb7 28. Be2 Re7 29. Nd3 Nc7 30. Nc5 f5 31. Qe3 Nd7 32. Nb7 Qd5 33. Rd2 Nf6 34. Bf3 Qd7 35. Na5 Ncd5 36. Bxd5 exd5 37. Qb3 Re4 38. Qc3 Qd6 39. g3 Re6 40. Rd3 Ne4 41. Qc1 Rg6 42. Kh2 h5 43. Qd1 Re6 44. Nb7 Qc7 45. Na5 g6 1/2-1/2

[Event "Berlin Lichtenberger op 15th"]
[Site "Berlin"]
[Date "2016.08.15"]
[Round "3"]
[White "Mayer, Herbert"]
[Black "Goroll, Hans Juergen"]
[Result "1-0"]
[WhiteElo "1900"]
[BlackElo "1647"]
[PlyCount "63"]
[EventDate "2016.08.13"]
[EventType "swiss"]
[EventRounds "9"]
[EventCountry "GER"]
[SourceTitle "CBM 173 Extra"]
[Source "ChessBase"]
[SourceDate "2016.08.29"]
[SourceVersion "1"]
[SourceVersionDate "2016.08.29"]
[SourceQuality "1"]

1. c4 e6 2. Nf3 Nf6 3. Nc3 d5 4. e3 Bb4 5. Qa4+ Nc6 6. cxd5 exd5 7. Bb5 Bxc3 8. Bxc6+ bxc6 9. Qxc6+ Bd7 10. Qxc3 0-0 11. b3 Ne4 12. Qd4 Be6 13. Bb2 Nf6 14. 0-0 Qe7 15. Qh4 Qd8 16. Ng5 h6 17. Nxe6 fxe6 18. Rac1 Qd6 19. Bd4 Rf7 20. Rc2 Ne4 21. d3 c5 22. Bb2 Nf6 23. Rfc1 Nd7 24. Ba3 Rc8 25. d4 Qa6 26. Bxc5 Nxc5 27. dxc5 Qc6 28. h3 Kh7 29. Qd4 a5 30. a3 Rf5 31. Qd3 Rcf8 32. g4 1-0

[Event "Brandenburg-ch Seniors 18th"]
[Site "Rowy"]
[Date "2009.06.23"]
[Round "2"]
[White "Karolak, Jan"]
[Black "Goroll, Hans Juergen"]
[Result "1-0"]
[WhiteElo "1888"]
[BlackElo "1553"]
[PlyCount "37"]
[EventDate "2009.06.22"]
[EventType "swiss"]
[EventRounds "9"]
[EventCountry "POL"]
[SourceTitle "EXT 2022"]
[Source "ChessBase"]
[SourceDate "2021.10.06"]
[SourceVersion "1"]
[SourceVersionDate "2021.10.06"]
[SourceQuality "1"]

1. Nf3 d5 2. g3 Nf6 3. d3 Nbd7 4. Nbd2 e5 5. e4 c6 6. Bg2 Bd6 7. 0-0 0-0 8. c3 Nc5 9. d4 exd4 10. e5 dxc3 11. bxc3 Nfe4 12. exd6 Qxd6 13. Nxe4 Nxe4 14. Qc2 Re8 15. Be3 c5 16. Rad1 b6 17. Ng5 Bf5 18. Nxe4 Bxe4 19. Bxe4 1-0

[Event "Brandenburg-ch Seniors 17th"]
[Site "Rowy"]
[Date "2008.07.01"]
[Round "8"]
[White "Goroll, Hans Juergen"]
[Black "Fleiszerowicz, Leopold"]
[Result "1-0"]
[WhiteElo "1535"]
[BlackElo "1036"]
[PlyCount "79"]
[EventDate "2008.06.23"]
[EventType "swiss"]
[EventRounds "9"]
[EventCountry "POL"]
[SourceTitle "EXT 2022"]
[Source "ChessBase"]
[SourceDate "2021.10.06"]
[SourceVersion "1"]
[SourceVersionDate "2021.10.06"]
[SourceQuality "1"]

1. Nf3 Nc6 2. d4 d5 3. e3 e6 4. Bd3 h6 5. 0-0 Be7 6. c3 Nf6 7. Nbd2 0-0 8. e4 dxe4 9. Nxe4 Nxe4 10. Bxe4 Bd7 11. Re1 f5 12. Bc2 g5 13. h3 Rf7 14. Bb3 Qc8 15. d5 Nd8 16. Ne5 Rf6 17. Nxd7 Qxd7 18. Qe2 Kf7 19. Qh5+ Kg7 20. Qe2 Qd6 21. dxe6 Nc6 22. Be3 Na5 23. Rad1 Qa6 24. Qxa6 bxa6 25. Bd4 Nxb3 26. Bxf6+ Kxf6 27. axb3 Bd6 28. b4 Rb8 29. Re2 Re8 30. Rde1 f4 31. f3 Ke7 32. Ra1 c5 33. Rxa6 cxb4 34. Rxa7+ Kf6 35. Rf7+ Kg6 36. cxb4 Bxb4 37. Kf1 Bc5 38. Re4 Rxe6 39. Rxe6+ Kxf7 40. Rxh6 1-0

[Event "Brandenburg-ch Seniors 17th"]
[Site "Rowy"]
[Date "2008.06.23"]
[Round "1"]
[White "Goroll, Hans Juergen"]
[Black "Soltau, Achim"]
[Result "1/2-1/2"]
[WhiteElo "1535"]
[BlackElo "1847"]
[PlyCount "94"]
[EventDate "2008.06.23"]
[EventType "swiss"]
[EventRounds "9"]
[EventCountry "POL"]
[SourceTitle "EXT 2022"]
[Source "ChessBase"]
[SourceDate "2021.10.06"]
[SourceVersion "1"]
[SourceVersionDate "2021.10.06"]
[SourceQuality "1"]

1. Nf3 d5 2. d4 e6 3. e3 c5 4. c3 Nf6 5. Bd3 Bd6 6. 0-0 0-0 7. Nbd2 Nbd7 8. e4 dxe4 9. Nxe4 Nxe4 10. Bxe4 Nf6 11. Bg5 Be7 12. Bxf6 Bxf6 13. Qc2 g6 14. dxc5 Qc7 15. b4 Bd7 16. a4 Bc6 17. Bxc6 Qxc6 18. Nd4 Qd5 19. Nb5 Qc6 20. Ra3 Rad8 21. Nd6 Qd5 22. Rd1 Qc6 23. c4 b6 24. Rad3 bxc5 25. b5 Qa8 26. Qe2 Be7 27. Qe5 Bxd6 28. Rxd6 Rxd6 29. Rxd6 Rd8 30. f3 Qc8 31. Kf2 h5 32. h4 Qc7 33. Rxd8+ Qxd8 34. Qxc5 Qd2+ 35. Kg3 Qe1+ 36. Qf2 Qe5+ 37. Kh3 Qf5+ 38. Kh2 Qf4+ 39. g3 Qxc4 40. Qxa7 Qe2+ 41. Kh3 Qxf3 42. Kh2 Qe2+ 43. Kg1 Qf3 44. Qf2 Qd1+ 45. Kh2 Qxa4 46. b6 Qb5 47. Qd4 e5 1/2-1/2

[Event "Brandenburg Seniors op 13th"]
[Site "Lindow/Mark"]
[Date "2005.09.12"]
[Round "6"]
[White "Goroll, Hans Juergen"]
[Black "Heinrich, Klaus1111"]
[Result "0-1"]
[WhiteElo "1464"]
[BlackElo "1634"]
[PlyCount "56"]
[EventDate "2005.09.07"]
[EventType "swiss"]
[EventRounds "9"]
[EventCountry "GER"]
[SourceTitle "EXT 2007"]
[Source "ChessBase"]
[SourceDate "2006.11.23"]
[SourceVersion "1"]
[SourceVersionDate "2006.11.23"]
[SourceQuality "1"]

1. Nf3 d5 2. d4 Bf5 3. e3 Nf6 4. c4 e6 5. cxd5 exd5 6. Nc3 Nbd7 7. Qb3 Nb6 8. Be2 c6 9. 0-0 Bd6 10. h3 Qe7 11. Bd2 h6 12. Rae1 0-0 13. Bd1 Rfe8 14. Nh2 Qc7 15. f4 Nc4 16. Bc1 b5 17. a3 a5 18. Ne2 a4 19. Qc3 Ne4 20. Qd3 Ng3 21. e4 Nxf1 22. exf5 Nxh2 23. Kxh2 Re4 24. Rf1 Rae8 25. g3 b4 26. axb4 Bxb4 27. Nc3 Bxc3 28. bxc3 a3 0-1